| 000 | 00805nam a22002537a 4500 | ||
|---|---|---|---|
| 005 | 20130408125550.0 | ||
| 008 | 130408b xxu||||| |||| 00| 0 eng d | ||
| 010 | _aENG-106813 | ||
| 020 |
_a9789381084557 _c800.00 |
||
| 035 | _aEN-90346 | ||
| 037 | _bDBAD/PUB | ||
| 040 |
_aDPL _bEng |
||
| 082 | _a303.625 | ||
| 100 | _aTripathi, S. K. | ||
| 245 |
_aTerrorism, crime and public policy / _cby S.K. Tripathi |
||
| 260 |
_aDelhi _bSwastik Publications _c2012 |
||
| 270 |
_a31, Gali No. 1, A-Block, Pocket-5, CRP Water Tank, Sonia Vihar _bDelhi _e110094 |
||
| 300 |
_avi,280p. _c22cm(Hb) |
||
| 500 | _aIncludes bibliographical references and index | ||
| 650 | _aOrganized crime | ||
| 650 | _aPolitical planning | ||
| 650 | _a Terrorism | ||
| 942 |
_2ddc _cEN _h303.625 _mTRI |
||
| 999 |
_c74310 _d74310 |
||